Les pays dont la population parle français - Statistiques

Statistiques générales
  • Ce quiz a été pris 255 fois
  • Le résultat moyen est 21 sur 33
Statistiques - réponses
Pays Pourcentage % Correct
France 97%
100%
Belgique 75%
95%
Maroc 35%
93%
Suisse 67%
93%
Algérie 32%
92%
Luxembourg 91%
90%
Canada 28%
89%
Monaco 96%
88%
Tunisie 52%
85%
Congo 60%
83%
RD Congo 51%
83%
Sénégal 26%
83%
Andorre 70%
78%
Cameroun 41%
75%
Côte d'Ivoire 33%
73%
Guinée 27%
66%
Togo 40%
59%
Madagascar 26%
58%
Bénin 33%
55%
Haîti 42%
55%
Gabon 65%
54%
Burkina Faso 24%
51%
République Centrafricaine 28%
51%
Comores 26%
46%
Maurice 72%
46%
Liban 37%
45%
Djibouti 50%
43%
Gambie 20%
38%
Guinée Equatoriale 28%
36%
Seychelles 53%
34%
Portugal 25%
30%
São Tomé et Principe 20%
17%
Vanuatu 31%
17%
Aucun quiz correspondant
Distribution des résultats
% des personnes avec chaque résultat
Percentile par nombre de réponses
Votre historique - résultats
Vous n’avez pas pris ce quiz